LEADER 01172nam 22003973 450 001 9910163280903321 005 20230220084621.0 010 $a1-78543-790-9 035 $a(CKB)3710000001046841 035 $a(MiAaPQ)EBC7197636 035 $a(Au-PeEL)EBL7197636 035 $a(NjHacI)993710000001046841 035 $a(EXLCZ)993710000001046841 100 $a20230220d2016 uy 0 101 0 $aeng 135 $aurcnu|||||||| 181 $ctxt$2rdacontent 182 $cc$2rdamedia 183 $acr$2rdacarrier 200 14$aThe Short Stories of Aphra Behn - Volume I $e"Jealousy, the old worm that bites." 210 1$aLondon :$cCopyright Group,$d2016. 210 4$dİ2016. 215 $a1 online resource (122 pages) 320 $aIncludes bibliographical references. 517 $aShort Stories of Aphra Behn - Volume I 606 $aCaribbean Area$vFiction 615 0$aCaribbean Area 676 $a813.54 700 $aBehn$b Aphra$0166001 801 0$bMiAaPQ 801 1$bMiAaPQ 801 2$bMiAaPQ 906 $aBOOK 912 $a9910163280903321 996 $aThe Short Stories of Aphra Behn - Volume I$93009418 997 $aUNINA